Football: Coupe du Monde 1934 - Statistiques

Statistiques générales
  • Ce quiz a été pris 110 fois
  • Le résultat moyen est 13 sur 16
Statistiques - réponses
Réponse % Correct
Italie
100%
Brésil
98%
France
97%
Allemagne
95%
Argentine
95%
Espagne
93%
Belgique
84%
Etats-Unis
80%
Hongrie
80%
Pays-Bas
79%
Suède
79%
Suisse
76%
Autriche
74%
Tchécoslovaquie
72%
Roumanie
52%
Egypte
36%
Aucun quiz correspondant
Distribution des résultats
% des personnes avec chaque résultat
Percentile par nombre de réponses
Votre historique - résultats
Vous n’avez pas pris ce quiz